| 000 | 00537nam a2200205 a 4500 | ||
|---|---|---|---|
| 001 | BRCA_6749 | ||
| 005 | 20190320205557.0 | ||
| 008 | 241011s1944----mx-#######---#000-0#spa-# | ||
| 041 | _aspa | ||
| 044 | _amx | ||
| 050 | 4 |
_aBX4705 _b.M735 R36 _c1944 |
|
| 245 | 1 | 0 |
_aVida de Fray Toribio Motolinia _cJosé Fernando Ramírez. |
| 260 |
_aMéxico _bPorrúa _c1944 |
||
| 300 |
_a205 p. _c20 cm. |
||
| 440 | 0 |
_aEscritores mexicanos _v4 _916849 |
|
| 500 | _aI116 | ||
| 650 | 1 | 4 |
_aMotolinia Toribio _y1568 _916850 |
| 902 | _aGFM | ||
| 942 |
_2lcc _cB |
||
| 999 |
_c6432 _d6432 |
||